000 00675nam a2200229Ia 4500
005 20241129105747.0
008 241129s9999||||xx |||||||||||||| ||und||
020 _a978-0-7453-4004-3
037 _aTB
040 _aARTS
_beng
_cARTS
041 _aeng
_2eng
084 _aW0aZ R0
_qARTS
100 _aTerwindt Carolijn Au.
_9599350
245 0 _aWhen protest becomes crime: politics and law in liberal democracies
_cTerwindt Carolijn Au.
260 _aUK
_bPluto Press
_c2020
300 _axi,281p.
365 _aUKP
_b29.99
490 _aAnthropology,culture and society
650 _aPolitical Science
942 _cTB
_hW0aZ R0
999 _c1225807
_d1225807